NBA Top 100 All-Time: Free Throws Made - Statistics

General Stats
  • This quiz has been taken 644 times
    60 since last reset
  • The average score is 61 of 100
Answer Stats
# Player FTs % Correct
1 Karl Malone 9,787
100%
3 LeBron James 8,882
100%
2 Moses Malone 9,018
100%
76 Stephen Curry 4,236
100%
4 James Harden 8,627
97%
6 Kevin Durant 7,704
97%
47 Magic Johnson 4,960
97%
8 Michael Jordan 7,327
97%
10 Jerry West 7,160
95%
17 Allen Iverson 6,375
92%
5 Kobe Bryant 8,378
92%
24 Russell Westbrook 6,109
92%
28 Shaquille O'Neal 5,935
92%
97 Dennis Johnson 3,791
90%
T14 Kareem Abdul-Jabbar 6,712
90%
94 Kevin Johnson 3,943
90%
92 Larry Bird 3,960
90%
12 Paul Pierce 6,918
87%
68 Ray Allen 4,398
87%
25 Wilt Chamberlain 6,057
85%
26 David Robinson 6,035
82%
48 Kevin Garnett 4,887
82%
29 Tim Duncan 5,896
82%
66 Anthony Davis 4,462
79%
49 Chris Paul 4,858
79%
55 Clyde Drexler 4,698
79%
9 Dirk Nowitzki 7,240
79%
33 Dwayne Wade 5,708
79%
34 Hakeem Olajuwon 5,423
79%
7 Oscar Robertson 7,694
79%
36 Patrick Ewing 5,392
79%
21 Reggie Miller 6,237
79%
T86 Andre Miller 4,015
77%
18 Charles Barkley 6,349
77%
20 Julius Erving 6,256
77%
50 Vince Carter 4,852
77%
65 Chris Bosh 4,466
74%
31 George Gervin 5,737
74%
51 John Stockton 4,788
74%
52 Pau Gasol 4,755
74%
22 Bob Pettit 6,182
72%
41 Giannis Antetokounmpo 5,178
72%
37 John Havlicek 5,369
72%
95 Tracy McGrady 3,882
72%
40 Damian Lillard 5,262
69%
11 DeMar DeRozan 6,923
69%
38 Dwight Howard 5,361
69%
30 Elgin Baylor 5,763
69%
85 Isiah Thomas 4,036
69%
42 Jimmy Butler 5,168
69%
84 Lou Williams 4,042
69%
81 Robert Parish 4,106
69%
59 Bob Cousy 4,624
67%
91 Buck Williams 3,971
67%
27 Dominique Wilkins 6,031
67%
39 Elvin Hayes 5,356
67%
35 Lenny Wilkens 5,394
67%
74 Alex English 4,277
64%
19 Carmelo Anthony 6,320
64%
32 Rick Barry 5,713
64%
82 Alonzo Mourning 4,057
59%
44 Chet Walker 5,079
56%
80 Amar'e Stoudemire 4,142
54%
90 Bernard King 3,972
54%
93 Bob McAdoo 3,944
54%
77 Grant Hill 4,228
54%
72 Shawn Kemp 4,304
54%
13 Adrian Dantley 6,832
51%
83 Joel Embiid 4,043
51%
63 Chauncey Billups 4,496
49%
T14 Dolph Schayes 6,712
46%
43 Walt Bellamy 5,113
44%
T86 Billy Cunningham 4,015
41%
61 Hal Greer 4,578
41%
23 Artis Gilmore 6,132
38%
16 Dan Issel 6,591
36%
67 Dave Bing 4,403
36%
73 Jack Sikma 4,292
36%
46 Paul Arizin 5,010
36%
56 Tiny Archibald 4,664
36%
89 Devin Booker 3,984
33%
45 Tom Chambers 5,066
33%
T70 Gail Goodrich 4,319
31%
62 Mitch Richmond 4,561
31%
64 Detlef Schrempf 4,486
28%
57 Reggie Theus 4,663
26%
98 Stephon Marbury 3,768
26%
58 Jerry Stackhouse 4,649
23%
96 Otis Thorpe 3,853
23%
54 World B. Free 4,718
23%
78 George McGinnis 4,164
21%
53 Bailey Howell 4,740
15%
75 Dick Van Arsdale 4,253
13%
T70 John Drew 4,319
13%
60 Corey Maggette 4,605
10%
69 Richie Guerin 4,328
10%
88 Shareef Abdur-Rahim 4,006
10%
100 Ed Macauley 3,750
3%
79 Mack Calvin 4,144
3%
99 Zelmo Beaty 3,757
3%
No matching quizzes found
Score Distribution
Percent of People with Each Score
Percentile by Number Answered
Your Score History
You have not taken this quiz since the last reset